=LDR 00000nam 2200000 4500 =001 INLIS000000000036883 =005 20130612142637 =008 ***********************************Ind** =035 ##$$0010-061300000036883 =041 ##$$a Ind =082 ##$$a 610.73 =100 ##$$a Baradero, Mary =245 ##$$a Buku Saku Konseling Dalam Perawatan =260 ##$$a 2006 $b Jakarta =300 ##$$a 85 hlm =850 ##$$a NBPNMAT